000 00731nam a2200205Ia 4500
003 OSt
005 20250726121716.0
008 210210b2000 xxu||||| |||| 00| 0 eng d
040 _cAL
041 _aKannada
082 _a039.4K KANN
100 _aKANNADA VISHVAVIDYALAYA
_987587
_dಕನ್ನಡ ವಿಶ್ವವಿದ್ಯಾಲಯ
245 _aKannada vishvavidyalaya vishvakosha: 2 Karakushala kalegalu
_bಕನ್ನಡ ವಿಶ್ವವಿದ್ಯಾಲಯ ವಿಶ್ವಕೋಶ : ೨ ಕರಕುಶಲ ಕಲೆಗಳು
260 _aHampi
_bPrasaranga Kannada Vishvavidyalaya
_c2000
300 _axiii,394
440 _a2
_987588
690 _aEncyclopaedia
_987589
906 _a056136
942 _2ddc
_cBK
999 _c103644
_d103644